Gminy w powiecie Tczewskim - Statystyki

Ogólne statystyki
  • Ten quiz został rozwiązany 17 razy
  • Średni wynik to 7 z 9
Statystyki odpowiedzi
Gmina/Miasto Odpowiedź % Poprawnych
M Miasto Gniew
93%
M Miasto Pelplin
93%
M Miasto Tczew
93%
GMW Gmina miejsko-wiejska Gniew
86%
GW Gmina wiejska Subkowy
86%
GM Gmina Miejska Tczew
79%
GMW Gmina miejsko-wiejska Pelplin
79%
GW Gmina wiejska Morzeszczyn
71%
GW Gmina wiejska Tczew
50%
Nie znaleziono quizów pasujących do podanych kryteriów
Rozkład punktacji
Procent ludzi z każdym wynikiem
Percentyl według liczby udzielonych odpowiedzi
Twoja historia wyników
Nie rozwiązałeś tego quizu